1211 1813 1247 1287 1224 1963 1713 1583 1118 1797 1109 1666 1749 1551 1811 1150 1690 1892 1729 1515 1024 1145 1160 1921 1316 1656 1859 1037 1555 1179 1417 1387 1292 1043 1458 1973 1036 1218 1846 1476 1857 1589 1453 1323 1214 1373 1832 1739 1040 1143 1340 1980 1234 1574 1337 1242 1182 1911 1457 1644 1737 1303 1778 1692 1825 1316 1952 1542 1493 1266 1166 1025 1340 1984 1170 1469 1644 1475 1815 1240 1001 1804 1852 1139 1461 1176 1915 1975 1138 1052 1585 1214 1294 1652 1856 1748 1449 1811 1898 BCNSPRNW ULIB Ver.6.0+V

เปลี่ยนเป็นภาษาไทย

Change to English
 แสดงรายละเอียดบรรณานุกรม
  กลับหน้าหลัก

Brief Record : Get Marc (ISO 2709) : E-mail record : QR code < ปิดหน้าต่าง
LEADER : 00000nam 2200000uu 4500
001    13399120620
003     ULIB
008    120928s2548||||th 000 0 tha d
020    ^a9742948526
020    ^a9789742948528
060 04 ^aWY152^bบ573ก 2548
245 00 ^aการพยาบาลผู้สูงอายุ /^cบรรณาธิการ, บุญศรี นุเกตุ,ปาลีรัตน์ พรทวีกัณทา และคณะ
250    ^aพิมพ์ครั้งที่ 2
260    ^aนนทบุรี :^bโครงการสวัสดิการวิชาการ สถาบันพระบรมราชชนก,^c2548
300    ^a[8], 243 หน้า :^bภาพประกอบ :^c26 ซม.
504    ^aดรรชนี
650  7 ^aการพยาบาลผู้สูงอายุ
650  7 ^aโรคเรื้อรัง
650  7 ^aผู้สูงอายุ
700 0  ^aบุญศรี นุเกตุ,^eบรรณาธิการ
700 0  ^aปาลีรัตน์ พรทวีกัณทา,^eบรรณาธิการ
710 2  ^aสถาบันพระบรมราชชนก. ^bโครงการสวัสดิการวิชาการ
945    ^p170^l0^i14221
995    ^aวิภา
999 ^a ใช้งานได้ทุกระบบ
รายการนี้ยังไม่มีแท็ก
คุณยังไม่ได้ล็อกอิน คุณสามารถมีกิจกรรมร่วมกับเว็บไซต์ได้ แต่ต้องล็อกอินก่อน ::
  ล็อกอิน

รายการสื่อสารสนเทศ

ลำดับที่ ประเภท เลขเรียก/บาร์โค้ด สถานที่ สถานะ
1. วิทยาศาสตร์การแพทย์ และสุขภาพ
วิทยาศาสตร์การแพทย์ และสุขภาพ
WY152 บ573ก 2548  
  Barcode: 14221
ห้องสมุดวิทยาเขตสวรรค์ประชารักษ์
►หนังสือทั่วไป
ถูกยืม กำหนดส่งวันที่ 13 พฤษภาคม 2558
  จอง

รายการใกล้เคียง
    หัวเรื่อง [การพยาบาลผู้สูงอายุ]
    หัวเรื่อง [โรคเรื้อรัง]
    หัวเรื่อง [ผู้สูงอายุ]

BibComment


ยังไม่เคยถูกคอมเมนท์

คอมเมนท์ทรัพยากรรายการนี้
  คอมเมนท์: การพยาบาลผู้สูงอ..


 Copyright 2026. Bcnsprnw @Library